Hudobne nadaný sused

Podrobná bibliografia
Hlavný autor: Sunicyn, Anatoľ (Autor)
Médium: Článok
Jazyk:slovenčina
Predmet:

MARC

LEADER 00000nab a2200000 a 4500
001 vtls000183278
003 SK-MaSNL
005 20260303180301.0
008 111106c1984 xo 0 slo
015 |a SNBRB19rr/mm-uuuuu 
035 |a CL0193391 
040 |a SNKBUCL  |b slo  |c SNKBUCL  |e AACR2 
041 0 |a slo 
044 |a xo  |c SK 
080 |a 882.6-7  |2 1981 
100 1 |a Sunicyn, Anatoľ  |4 aut  |9 937478 
245 1 0 |a Hudobne nadaný sused  |c Anatoľ Sunicyn 
500 |a Príslušnosť autora k uvádzanej národnej literatúre je hypotetická. 
650 0 7 |a humoresky  |2 snkbucl  |9 73390 
650 0 7 |a sovietska literatúra  |2 snkbucl  |9 22300 
655 7 |a články z novín a časopisov  |2 snkbucl  |9 267496 
655 7 |a články z odboru literárna veda a krásna literatúra  |2 snkbucl  |9 770045 
773 0 |t Express  |g Roč. 16, č. 19 (1984), s. 22 
850 |a Slovenská národná knižnica v Martine  |a MTA001 
852 |a SNK  |b KIS3GCP 
958 |a RK 
958 |a LX 
992 |a RBX 
999 |c 2105575  |d 2107505